| 000 | 01370nam a2200265Ia 4500 | ||
|---|---|---|---|
| 003 | Ost | ||
| 005 | 20260507075326.0 | ||
| 008 | 260507s9999||||xx |||||||||||||| ||und|| | ||
| 020 | _a29491199579 | ||
| 040 | _cfsecg | ||
| 041 | _aara | ||
| 082 | _a658.15 | ||
| 100 |
_aبن ساسي، إلياس _eمؤلف |
||
| 245 | 0 |
_aالتسيير المالي : _bالإدارة المالية الجزء الثاني / _c إلياس بن ساسي |
|
| 250 | _aطبعة 2 | ||
| 260 |
_aعمان: _bدار وائل للنشر والتوزيع, _c2011 |
||
| 300 |
_a356 صفحة؛ _bإيضاحات ؛ _c25 سم |
||
| 504 | _aببليوغرافيا: ص.351 | ||
| 520 | _aمدخل تعريفي بالمؤسسة و مدخل للتسيير المالي، التحليل المالي الساكن و التحليل المالي المتحرك، السياسة المالية و آليات اتخاذ القرارات التمويلية و الاستثمارية، نظريات الهيكل المالي، سوق الأوراق المالية و تسيير المخاطر، تذكير بكل الفصول الواردة في الجزء الأول مع وجود أسئلة و اجوبة | ||
| 653 | _aالإدارة المالية | ||
| 653 | _aالإستثمار | ||
| 653 | _aالتمويل | ||
| 700 |
_a قريشي، يوسف _eمؤلف ثانوي |
||
| 942 | _cكتاب | ||
| 999 |
_c43964 _d43964 |
||